000 00541nam a2200193Ia 4500
008 101110s9999 xx 000 0 und d
041 _aENGLISH
082 _bSR15432
100 _aChoudhari B.P.
245 _aGeoggrey Chaucer : The Prologue to the canterbury Tales
365 _b26
520 _aEnglish
546 _aENGLISH
630 _aGeoggrey Chaucer : The Prologue to the canterbury Tales
650 _aEnglish
655 _aEnglish
730 _aGeoggrey Chaucer : The Prologue to the canterbury Tales
942 _cBOOK
999 _c809374
_d809371